00570nam a2200169 i 450000100060000000300090000600500170001500700030003200800410003510000390007624501100011526000530022530000280027863000340030665000380034085200220037886550ES-MaACL20230906175455.0t|041213s1922 fr ||||1| fre d1 aKeynes, John Maynard (d1883-1946)10aNouvelles considerations sur les conséquences de la paix / cpar J. Maynard Keynes ; traduction Franck. aParis : b[s.n.], c1922 (eLagny : fE. Grevin) aVIII, 258 p. ; c19 cm.04aTratado de Versalles (d1919)04aHistoria económica-y1918-1945. aES-MaACLjG-15301